Panorama social de América Latina 1997
Gardado en:
| Formato: | Texto |
|---|---|
| Etiquetas: |
Engadir etiqueta
Sen Etiquetas, Sexa o primeiro en etiquetar este rexistro!
|
MARC
| LEADER | 00000 a a2200000 04500 | ||
|---|---|---|---|
| 001 | 44997 | ||
| 003 | |||
| 040 | |||
| 245 | |a Panorama social de América Latina 1997 | ||
| 773 | |g número616 ( , 1998), 8 páginas : gráficos | ||
| 999 | |c 29171 |d 29171 | ||
